logo

Bir Sreshtho Munshi Abdur Rouf Library
Jhenaidah Cadet College

Enjoying English / (Record no. 6212)

MARC details
000 -LEADER
fixed length control field 00847cam a2200277u 4500
001 - CONTROL NUMBER
JCCL Control Number 6212
003 - CONTROL NUMBER IDENTIFIER
JCCL marc code BD-JhCC
005 - DATE AND TIME OF LATEST TRANSACTION
control field 20180125133032.0
008 - FIXED-LENGTH DATA ELEMENTS--GENERAL INFORMATION
fixed length control field 820608m19439999nyua 000 0 eng
035 ## - SYSTEM CONTROL NUMBER
system control number (BD-JhCC)6212
040 ## - CATALOGING SOURCE
Original cataloging agency DLC
Transcribing agency CarP
Modifying agency DLC
-- (BD-JhCC)
041 ## - LANGUAGE CODE
Language code of Book eng
050 00 - LIBRARY OF CONGRESS CALL NUMBER
Classification number PE1408
Item number .W6255
082 ## - DEWEY DECIMAL CLASSIFICATION NUMBER
Classification number 425
Author mark and Year WOL 1955
100 1# - MAIN ENTRY--PERSONAL NAME
Personal name Wolfe, Don Marion,
Dates associated with a name 1902-
245 10 - TITLE STATEMENT
Title Enjoying English /
Statement of responsibility, etc Don Marion Wolfe
250 ## - EDITION STATEMENT
Edition statement 2nd ed.
260 ## - PUBLICATION, DISTRIBUTION, ETC. (IMPRINT)
Place of publication, distribution, etc New York :
Name of publisher, distributor, etc Newson & company,
Date of publication, distribution, etc 1955.
300 ## - PHYSICAL DESCRIPTION
Pagination 464 p. :
Other physical details front., illus.
Dimensions 22 cm.
650 #0 - SUBJECT ADDED ENTRY--TOPICAL TERM
Topical term or geographic name as entry element English language
General subdivision Composition and exercises.
650 #0 - SUBJECT ADDED ENTRY--TOPICAL TERM
Topical term or geographic name as entry element English language
General subdivision Grammar
Form subdivision Problems, exercises, etc.
700 1# - ADDED ENTRY--PERSONAL NAME
Personal name Hamilton, Lela Tyre, [from old catalog]
700 1# - ADDED ENTRY--PERSONAL NAME
Personal name Geyer, Ellen Mary, [from old catalog]
942 ## - ADDED ENTRY ELEMENTS (KOHA)
Source of classification or shelving scheme Dewey Decimal Classification
Koha item type Books
Holdings
Source of classification or shelving scheme Damaged status Not for loan Home library Current library Shelving location Total Checkouts Full call number Barcode Date last seen Copy number Koha item type
Dewey Decimal Classification     JCC Rouf Library JCC Rouf Library General Stacks   425 WOL 1955 1046 01/16/2018 C - 1 Books

JCC Library | Contacts | JCC Home

Last Update on 23 September 2017
Copyright @ 2017-2020 JCC Rouf Library
Rouf Library, Jhenidah Cadet College (JCC), Bangladesh